书目信息 |
| 题名: |
抽象空间引论
|
|
| 作者: | 胡适耕 , 张显文 编著 | |
| 分册: | ||
| 出版信息: | 北京 科学出版社 2005 |
|
| 页数: | 10, 235页 | |
| 开本: | 24cm | |
| 丛书名: | 大学数学科学丛书 | |
| 单 册: | ||
| 中图分类: | O177.3 | |
| 科图分类: | ||
| 主题词: | 抽象空间--概论 | |
| 电子资源: | ||
| ISBN: | 7-03-014876-2 | |
| 000 | 00852oam2 2200253 450 | |
| 001 | 0709000128 | |
| 005 | 20070531125725.57 | |
| 010 | @a7-03-014876-2@dCNY29.00 | |
| 100 | @a20050910e20062005ekmy0chiy0120 ea | |
| 101 | 0 | @achi |
| 102 | @aCN@b110000 | |
| 105 | @ac z 000yy | |
| 200 | 1 | @a抽象空间引论@Achou xiang kong jian yin lun@f胡适耕, 张显文编著 |
| 210 | @a北京@c科学出版社@d2005@h2006 | |
| 215 | @a10, 235页@c肖像@d24cm | |
| 225 | 2 | @a大学数学科学丛书@v7 |
| 330 | @a本书以统一与基本的观点,概述应用上最重要的抽象空间,阐明其结构、内在联系及主要实例,内容涵盖一般数学结构、拓扑空间、一致空间等。 | |
| 461 | 0 | @12001 @a 大学数学科学丛书@v7 |
| 606 | 0 | @a抽象空间@x概论 |
| 690 | @aO177.3@v4 | |
| 701 | 0 | @a胡适耕@Ahu shi geng@4编著 |
| 701 | 0 | @a张显文@Azhang xian wen@4编著 |
| 801 | 0 | @aCN@bTAOJIN@c20070531 |
| 905 | @a10447@dO177.3@e74 | |
| 抽象空间引论/胡适耕, 张显文编著.-北京:科学出版社,2005(2006) |
| 10, 235页:肖像;24cm.-(大学数学科学丛书;7 ) |
| ISBN 7-03-014876-2:CNY29.00 |
| 本书以统一与基本的观点,概述应用上最重要的抽象空间,阐明其结构、内在联系及主要实例,内容涵盖一般数学结构、拓扑空间、一致空间等。 |
| ● |
| 相关链接 |
|
|
|
|
正题名:抽象空间引论
索取号:O177.3/74
 
预约/预借
| 序号 | 登录号 | 条形码 | 馆藏地/架位号 | 状态 | 备注 |
| 1 | 0523947 | 205239473 | 第二样本阅览室/ [索取号:O177.3/74] | 在馆 | |
| 2 | 0523948 | 205239482 | 第三借阅区/ [索取号:O177.3/74] | 在馆 | |
| 3 | 0523949 | 205239491 | 第三借阅区/ [索取号:O177.3/74] | 在馆 |